[Event "SUI-chT"]
[Site "Switzerland"]
[Date "2016.08.28"]
[Round "7.4"]
[White "Ballmann, Martin"]
[Black "Degtiarev, Evgeny"]
[Result "1-0"]
[WhiteElo "2387"]
[BlackElo "2410"]
[PlyCount "97"]
[EventDate "2016.03.20"]
[EventType "team-tourn"]
[EventRounds "9"]
[EventCountry "SUI"]
[SourceTitle "EXT 2017"]
[Source "ChessBase"]
[SourceDate "2016.10.25"]
[SourceVersion "1"]
[SourceVersionDate "2016.10.25"]
[SourceQuality "1"]
[WhiteTeam "Winterthur"]
[BlackTeam "Reti"]
[WhiteTeamCountry "SUI"]
[BlackTeamCountry "SUI"]

1. d4 d5 2. Nf3 c6 3. c3 Bf5 4. Bf4 e6 5. e3 Bd6 6. Bg3 Bxg3 7. hxg3 Qb6 8. Qb3 Qxb3 9. axb3 Ne7 10. Nbd2 h6 11. Ne5 f6 12. Nd3 Nd7 13. b4 b6 14. Be2 Kf7 15. g4 Bh7 16. 0-0 g5 17. Ra6 Rhc8 18. Rfa1 Rc7 19. Nb3 Nc8 20. Ndc1 Rb8 21. Bd3 Bg6 22. f3 Rbb7 23. Bxg6+ Kxg6 24. Nd3 Nb8 25. R6a2 Rh7 26. Nd2 h5 27. gxh5+ Rxh5 28. b3 a6 29. c4 Rhh7 30. g4 Rhd7 31. Nf1 e5 32. c5 e4 33. fxe4 dxe4 34. Nf2 bxc5 35. bxc5 Rxb3 36. Nxe4 Re7 37. Neg3 Na7 38. Rh2 Rh7 39. Rxh7 Kxh7 40. Ra2 Rb7 41. Rh2+ Kg8 42. Ne4 Rf7 43. Nfg3 Nb5 44. Nf5 Rf8 45. Ne7+ Kg7 46. Ng3 Kf7 47. Ngf5 Ke6 48. Rh7 Nc3 49. d5+ 1-0

[Event "SUI-chT"]
[Site "Switzerland"]
[Date "2016.06.12"]
[Round "5.6"]
[White "Carre, Sylvain"]
[Black "Ballmann, Martin"]
[Result "0-1"]
[WhiteElo "2141"]
[BlackElo "2387"]
[PlyCount "128"]
[EventDate "2016.03.20"]
[EventType "team-tourn"]
[EventRounds "9"]
[EventCountry "SUI"]
[SourceTitle "EXT 2017"]
[Source "ChessBase"]
[SourceDate "2016.10.25"]
[SourceVersion "1"]
[SourceVersionDate "2016.10.25"]
[SourceQuality "1"]
[WhiteTeam "Echallens"]
[BlackTeam "Winterthur"]
[WhiteTeamCountry "SUI"]
[BlackTeamCountry "SUI"]

1. d4 g6 2. Bf4 Bg7 3. e3 Nf6 4. Nf3 c5 5. c3 b6 6. Nbd2 Bb7 7. Be2 0-0 8. 0-0 d6 9. h3 Nbd7 10. Bh2 a6 11. a4 Bc6 12. b4 cxb4 13. cxb4 b5 14. axb5 Bxb5 15. Bxb5 axb5 16. Qe2 Qb6 17. Nb3 Ra4 18. Rxa4 bxa4 19. Na5 Rc8 20. Qb2 Nd5 21. Rb1 Nxb4 22. Ne1 Qxa5 23. Qxb4 Qxb4 24. Rxb4 Ra8 25. Rb2 d5 26. Kf1 Bf8 27. Ke2 a3 28. Ra2 e6 29. Kd1 Nb6 30. Nd3 Na4 31. Kd2 Ra6 32. Bc7 Ra7 33. Bg3 f6 34. f3 Rb7 35. Kc2 Rb6 36. Be1 Rb5 37. Bd2 Nb6 38. Bc1 Nc4 39. g4 Bd6 40. Kc3 Kf7 41. e4 g5 42. Kc2 Kg6 43. Kc3 h5 44. Kc2 hxg4 45. hxg4 Kf7 46. Kc3 Ke8 47. Kc2 Kd7 48. Kc3 Kc6 49. Kc2 Rb7 50. Kc3 Rh7 51. e5 fxe5 52. Bxg5 exd4+ 53. Kxd4 Rh3 54. Bf6 Rxf3 55. g5 e5+ 56. Bxe5 Nb2 57. Bxd6 Rxd3+ 58. Ke5 Nc4+ 59. Kf6 Kxd6 60. g6 Rf3+ 61. Kg7 Ne5 62. Kh7 Rh3+ 63. Kg8 Nxg6 64. Re2 Ne5 0-1

[Event "SUI-chT"]
[Site "Switzerland"]
[Date "2016.05.22"]
[Round "3.5"]
[White "Ballmann, Martin"]
[Black "Georgiadis, Ioannis"]
[Result "1/2-1/2"]
[WhiteElo "2387"]
[BlackElo "2484"]
[PlyCount "123"]
[EventDate "2016.03.20"]
[EventType "team-tourn"]
[EventRounds "9"]
[EventCountry "SUI"]
[SourceTitle "EXT 2017"]
[Source "ChessBase"]
[SourceDate "2016.10.25"]
[SourceVersion "1"]
[SourceVersionDate "2016.10.25"]
[SourceQuality "1"]
[WhiteTeam "Winterthur"]
[BlackTeam "Riehen"]
[WhiteTeamCountry "SUI"]
[BlackTeamCountry "SUI"]

1. d4 Nf6 2. Nf3 e6 3. Bg5 h6 4. Bh4 d6 5. e3 g5 6. Bg3 Nh5 7. Nfd2 Nxg3 8. hxg3 Bg7 9. g4 Qe7 10. c3 Nd7 11. Ne4 f5 12. Ng3 fxg4 13. Nh5 Nf6 14. Bb5+ c6 15. Bd3 Kd8 16. Nxf6 Qxf6 17. Qxg4 e5 18. Qe2 Kc7 19. Nd2 Be6 20. dxe5 Qxe5 21. Nf3 Qf6 22. Nd4 Bd7 23. g4 Qf7 24. Bc4 d5 25. Bd3 Raf8 26. Rh5 Be5 27. Nf5 Qf6 28. 0-0-0 Be8 29. Rhh1 h5 30. Rxh5 Rxh5 31. gxh5 Bd7 32. Nd4 Qxf2 33. Rf1 Qxe2 34. Bxe2 Rxf1+ 35. Bxf1 Kd6 36. Kd2 Ke7 37. h6 c5 38. Nf3 Bf6 39. h7 g4 40. Nh4 c4 41. Bg2 Kf7 42. Bxd5+ Kg7 43. Ng2 Bc6 44. Bxc6 bxc6 45. e4 Bg5+ 46. Ne3 Kxh7 47. Ke2 Bxe3 48. Kxe3 Kg6 49. Kf4 Kh5 50. e5 g3 51. e6 Kg6 52. Kxg3 Kf6 53. Kg4 Kxe6 54. Kf4 c5 55. Ke4 a6 56. a3 Kd6 57. a4 a5 58. Kf5 Kd5 59. Kf6 Kd6 60. Kf7 Kd7 61. Kg8 Ke8 62. Kg7 1/2-1/2

[Event "SUI-chT"]
[Site "Switzerland"]
[Date "2015.10.10"]
[Round "8.5"]
[White "Vianin, Pascal"]
[Black "Ballmann, Martin"]
[Result "0-1"]
[WhiteElo "2222"]
[BlackElo "2389"]
[PlyCount "62"]
[EventDate "2015.03.29"]
[EventType "team-tourn"]
[EventRounds "9"]
[EventCountry "SUI"]
[SourceTitle "EXT 2017"]
[Source "ChessBase"]
[SourceDate "2016.10.25"]
[SourceVersion "1"]
[SourceVersionDate "2016.10.25"]
[SourceQuality "1"]
[WhiteTeam "Echallens"]
[BlackTeam "Winterthur"]
[WhiteTeamCountry "SUI"]
[BlackTeamCountry "SUI"]

1. e4 g6 2. Nc3 Bg7 3. d4 d6 4. Be3 a6 5. Be2 Nd7 6. Nf3 e6 7. a4 b6 8. Nd2 Bb7 9. 0-0 Ne7 10. f4 0-0 11. Bf3 c5 12. Nb3 cxd4 13. Nxd4 e5 14. Nde2 exf4 15. Nxf4 Ne5 16. Be2 Rc8 17. Nfd5 Nxd5 18. Nxd5 Bxd5 19. Qxd5 Rxc2 20. Bxa6 Qh4 21. Bf4 Rxb2 22. Bg3 Qg5 23. Rad1 h5 24. Rf2 h4 25. Bxe5 Rxf2 26. Kxf2 Bxe5 27. Rd3 Kg7 28. Rf3 Qc1 29. Bc4 Qc2+ 30. Kf1 f6 31. Qe6 Qd1+ 0-1

[Event "SUI-ch op"]
[Site "Leukerbad"]
[Date "2015.07.10"]
[Round "2"]
[White "Ballmann, Martin"]
[Black "Ovsejevitsch, Sergei"]
[Result "0-1"]
[WhiteElo "2389"]
[BlackElo "2582"]
[PlyCount "50"]
[EventDate "2015.07.09"]
[EventType "swiss"]
[EventRounds "9"]
[EventCountry "SUI"]
[SourceTitle "EXT 2019"]
[Source "ChessBase"]
[SourceDate "2018.10.10"]
[SourceVersion "1"]
[SourceVersionDate "2018.10.10"]
[SourceQuality "1"]

1. d4 Nf6 2. Nf3 d5 3. c3 a6 4. Bg5 Ne4 5. Bf4 Bf5 6. Qb3 Ra7 7. a4 e6 8. h3 c5 9. a5 Nc6 10. Qa4 cxd4 11. Nxd4 Bc5 12. e3 0-0 13. Be2 e5 14. Nxc6 bxc6 15. Bxe5 Re8 16. Bd4 Rb7 17. Bxc5 Nxc5 18. Qxc6 Qe7 19. 0-0 Rxb2 20. Bg4 Bd3 21. Re1 Bb5 22. Qb6 Rxf2 23. Na3 Rf6 24. Nxb5 Rxb6 25. axb6 axb5 0-1

[Event "SUI-ch 114th"]
[Site "Bern"]
[Date "2014.10.02"]
[Round "7"]
[White "Ballmann, Martin"]
[Black "Kosteniuk, Alexandra"]
[Result "1-0"]
[WhiteElo "2386"]
[BlackElo "2543"]
[PlyCount "127"]
[EventDate "2014.09.27"]
[EventType "tourn"]
[EventRounds "9"]
[EventCountry "SUI"]
[EventCategory "9"]
[SourceTitle "CBM 162 Extra"]
[Source "ChessBase"]
[SourceDate "2014.10.17"]
[SourceVersion "1"]
[SourceVersionDate "2014.10.17"]
[SourceQuality "1"]

1. d4 Nf6 2. Nf3 e6 3. Bg5 h6 4. Bh4 g5 5. Bg3 Ne4 6. Nbd2 Nxg3 7. hxg3 Bg7 8. c3 d6 9. e4 g4 10. Ng1 h5 11. Bd3 Nd7 12. Ne2 a6 13. Qc2 Qg5 14. 0-0-0 b5 15. f4 Qe7 16. e5 Bb7 17. Be4 Bxe4 18. Nxe4 d5 19. Nd2 c5 20. f5 Bh6 21. Nf4 Bxf4 22. gxf4 0-0-0 23. f6 Qf8 24. Rh4 Kb7 25. Kb1 cxd4 26. cxd4 Qb4 27. Qc3 Qxc3 28. bxc3 Rc8 29. Rdh1 Rxc3 30. Rxh5 Rxh5 31. Rxh5 Rg3 32. Rh7 Rxg2 33. Rxf7 Kc6 34. Nb3 Rf2 35. Rg7 Rxf4 36. Kc2 b4 37. Kd3 Rf3+ 38. Ke2 Rf4 39. Ke3 Rf3+ 40. Ke2 Rf4 41. Re7 g3 42. Rxe6+ Kb5 43. Re7 Rf2+ 44. Ke1 Nf8 45. Re8 Nd7 46. Rg8 a5 47. Rxg3 Rf4 48. Rg7 Nf8 49. Rg8 Ne6 50. Re8 Ng5 51. Rg8 Nf3+ 52. Kd1 a4 53. e6 axb3 54. e7 Rxd4+ 55. Kc1 Rc4+ 56. Kd1 Rd4+ 57. Ke2 Re4+ 58. Kxf3 bxa2 59. Ra8 b3 60. f7 Rxe7 61. f8Q Rb7 62. Qa3 Kc4 63. Qb2 Kd3 64. Ra3 1-0

[Event "SUI-ch 114th"]
[Site "Bern"]
[Date "2014.09.29"]
[Round "4"]
[White "Huss, Andreas"]
[Black "Ballmann, Martin"]
[Result "1/2-1/2"]
[WhiteElo "2382"]
[BlackElo "2386"]
[PlyCount "87"]
[EventDate "2014.09.27"]
[EventType "tourn"]
[EventRounds "9"]
[EventCountry "SUI"]
[EventCategory "9"]
[SourceTitle "CBM 162 Extra"]
[Source "ChessBase"]
[SourceDate "2014.10.17"]
[SourceVersion "1"]
[SourceVersionDate "2014.10.17"]
[SourceQuality "1"]

1. d4 d6 2. Nf3 g6 3. e4 Bg7 4. c3 Nf6 5. Bd3 0-0 6. 0-0 Nbd7 7. Re1 e5 8. Bg5 h6 9. Bh4 Qe8 10. Na3 a6 11. Nc4 Nh5 12. a4 Nf4 13. Bf1 g5 14. Bg3 Ng6 15. Ne3 Bf6 16. Nf5 h5 17. h3 Ne7 18. Qd2 Nxf5 19. exf5 Qe7 20. Re2 h4 21. Bh2 e4 22. Rae1 d5 23. Bxc7 Nb8 24. Bb6 Qd7 25. Ne5 Qxf5 26. Ng4 Bg7 27. c4 Qg6 28. Bc5 Bxg4 29. hxg4 Re8 30. cxd5 Nd7 31. f3 b6 32. Bb4 a5 33. Bc3 Nf6 34. d6 exf3 35. Rxe8+ Nxe8 36. d7 Nf6 37. Bb5 Ne4 38. Rxe4 Qxe4 39. Qxg5 f6 40. Qh5 Qe3+ 41. Kh2 Qf4+ 42. Kg1 Qe3+ 43. Kh2 Qf4+ 44. Kg1 1/2-1/2

[Event "SUI-ch 114th"]
[Site "Bern"]
[Date "2014.09.28"]
[Round "3"]
[White "Ballmann, Martin"]
[Black "Loetscher, Roland"]
[Result "1/2-1/2"]
[WhiteElo "2386"]
[BlackElo "2416"]
[PlyCount "62"]
[EventDate "2014.09.27"]
[EventType "tourn"]
[EventRounds "9"]
[EventCountry "SUI"]
[EventCategory "9"]
[SourceTitle "CBM 162 Extra"]
[Source "ChessBase"]
[SourceDate "2014.10.17"]
[SourceVersion "1"]
[SourceVersionDate "2014.10.17"]
[SourceQuality "1"]

1. d4 d5 2. Nf3 Nf6 3. c3 c5 4. Bf4 Nc6 5. e3 Qb6 6. Na3 Nh5 7. dxc5 Qxb2 8. Nb5 Nxf4 9. exf4 e6 10. Rb1 Qxa2 11. Nc7+ Kd7 12. Nxa8 Bxc5 13. Be2 b6 14. Ra1 Qb2 15. Ne5+ Nxe5 16. Rxa7+ Kd8 17. fxe5 Qxc3+ 18. Kf1 Qxe5 19. Rxf7 Bd7 20. h4 Ke8 21. Rxd7 Rf8 22. Bf3 Qb2 23. Qe2 Qa1+ 24. Qd1 Qxd1+ 25. Bxd1 Rxf2+ 26. Ke1 Kxd7 27. Rf1 Rxg2 28. Rf7+ Kd6 29. Nc7 Rg3 30. Ne8+ Ke5 31. Nxg7 h6 1/2-1/2

[Event "SUI-chT"]
[Site "Switzerland"]
[Date "2014.03.16"]
[Round "1.2"]
[White "Ballmann, Martin"]
[Black "Kraemer, Martin"]
[Result "1/2-1/2"]
[WhiteElo "2370"]
[BlackElo "2546"]
[PlyCount "123"]
[EventDate "2014.03.16"]
[EventType "team-tourn"]
[EventRounds "9"]
[EventCountry "SUI"]
[SourceTitle "EXT 2015"]
[Source "ChessBase"]
[SourceDate "2014.11.20"]
[SourceVersion "1"]
[SourceVersionDate "2014.11.20"]
[SourceQuality "1"]
[WhiteTeam "Winterthur"]
[BlackTeam "Luzern"]
[WhiteTeamCountry "SUI"]
[BlackTeamCountry "SUI"]

1. d4 Nf6 2. Nf3 e6 3. Bg5 h6 4. Bh4 d6 5. h3 c5 6. dxc5 Qa5+ 7. Qd2 Qxc5 8. Bxf6 gxf6 9. Nc3 Nd7 10. Nd4 Be7 11. 0-0-0 a6 12. f4 Nb6 13. e4 Bd7 14. Nb3 Qc7 15. Qe3 0-0-0 16. Rd4 Kb8 17. Rb4 Ka7 18. a4 d5 19. Rd4 Kb8 20. exd5 e5 21. Rd1 Nxa4 22. Nxa4 Bxa4 23. g4 Rc8 24. Rh2 exf4 25. Qf3 Bd6 26. Rd4 Bd7 27. Rhd2 f5 28. gxf5 Bxf5 29. Bd3 Bd7 30. Rg2 Rhe8 31. Re4 Rxe4 32. Bxe4 Qc4 33. Nd2 Qd4 34. c3 Qe5 35. Kb1 Re8 36. Nc4 Qxe4+ 37. Qxe4 Rxe4 38. Nxd6 Re3 39. Rf2 f3 40. Kc2 Bxh3 41. Kd2 Re5 42. c4 h5 43. Rxf3 Bg2 44. Rg3 Bxd5 45. cxd5 Rxd5+ 46. Rd3 Rxd3+ 47. Kxd3 h4 48. Ke3 h3 49. Kf3 f6 50. Ne8 Ka7 51. Nxf6 Kb6 52. Ne4 Kb5 53. Kg3 b6 54. Nd2 Kc5 55. Kxh3 Kd4 56. Nf3+ Kc4 57. Ne5+ Kd5 58. Nd7 Kc6 59. Nb8+ Kb7 60. Nd7 a5 61. Kg4 Kc6 62. Nxb6 1/2-1/2